|
|
|
|
| LEADER |
01270nem a2200301 a 4500 |
| 001 |
001243764 |
| 003 |
CZ BrMZK |
| 005 |
20130322131610.0 |
| 007 |
aj|canzn |
| 008 |
111208s1948 xr a 0| cze d |
| 034 |
1 |
|
|a a
|b 750000
|d E0120251
|e E0223456
|f N0510458
|g N0474235
|
| 040 |
|
|
|a BOA001
|b cze
|
| 043 |
|
|
|a e-cs---
|2 czenas
|
| 072 |
|
7 |
|a 913(437)
|x Geografie Česka a Slovenska, reálie, cestování
|2 Konspekt
|9 7
|
| 072 |
|
7 |
|a 912
|x Mapy. Atlasy. Glóby
|2 Konspekt
|9 7
|
| 080 |
|
|
|a (437)
|2 MRF
|
| 080 |
|
|
|a (084.3)32
|2 MRF
|
| 245 |
0 |
0 |
|a Republika československá
|h [kartografický dokument] :
|b územní organisace politické správy. Stav k 31. XII 1947
|
| 255 |
|
|
|a Měřítko 1:750 000
|c (012°02´51" v.d.--022°34´56" v.d./051°04´58" s.š.--047°42´35" s.š.)
|
| 260 |
|
|
|a Praha :
|b Zeměměřický úřad,
|c [1948?]
|
| 300 |
|
|
|a 1 mapa :
|b barev. ;
|c 54 x 106 cm, na listu 68 x 118 cm, složeno na 58 x 30 cm
|
| 655 |
|
7 |
|a politické a správní mapy
|7 fd133032
|2 czenas
|
| 651 |
|
7 |
|a Československo
|7 ge131689
|2 czenas
|
| 710 |
2 |
|
|a Zeměměřický úřad v Praze
|4 pbl
|
| 856 |
4 |
1 |
|u http://www.digitalniknihovna.cz/mzk/uuid/uuid:e41a2c97-8a8b-4a70-b783-a299bffaff21
|y Digitalizovaný dokument
|
| 910 |
|
|
|a BOA001
|b Mpa-0209.028
|
| 990 |
|
|
|a MP
|
| 991 |
|
|
|b 201208
|